¿ Puede el jurista discurrir como un científico social? /
El presente artículo procura dar respuesta a la siguiente interrogación ¿Puede el jurista discurrir como un científico social?, a través del acercamiento a varios temas fundamentales en la disciplina de Derecho, como lo son la dogmática jurídica, doctrina profesional, condición retórica del discurso...
Gespeichert in:
| 1. Verfasser: | |
|---|---|
| Format: | Text |
| Schlagworte: | |
| Tags: |
Tag hinzufügen
Keine Tags, Fügen Sie den ersten Tag hinzu!
|
MARC
| LEADER | 00000 a a2200000 04500 | ||
|---|---|---|---|
| 001 | 14557 | ||
| 003 | |||
| 040 | |||
| 100 | |a Haba, Enrique P. | ||
| 245 | |a ¿ Puede el jurista discurrir como un científico social? / |c Enrique P. Haba | ||
| 520 | |a El presente artículo procura dar respuesta a la siguiente interrogación ¿Puede el jurista discurrir como un científico social?, a través del acercamiento a varios temas fundamentales en la disciplina de Derecho, como lo son la dogmática jurídica, doctrina profesional, condición retórica del discurso jurídico, los niveles de ciencia jurídica, entre otros, los cuales describen la conformación y el proceder de la disciplina. | ||
| 590 | |a SJB/MAYO2011 | ||
| 650 | |a DERECHO | ||
| 650 | |a CIENCIAS SOCIALES | ||
| 650 | |a ASPECTOS JURIDICOS | ||
| 650 | |a ANALISIS DE CONTENIDO | ||
| 773 | |g número 113 -114 (III -IV; páginas 37-54) | ||
| 999 | |c 23761 |d 23761 | ||
| 773 | 0 | |0 18728 |9 3029 |a Universidad de Costa Rica |d San José, Costa Rica Editorial UCR 1956- |o 05883 |t Revista de Ciencias Sociales/ |x 04825276 | |
